MDQL
is popping MORE tags! Check the
thread
!
Quizzes
Events
Quiz Creation
Community
Videos
Private Events
Remove Ads
Sign In
Join for FREE
Feedback
Dark Mode
Quiz Categories
Sports
Geography
Music
Movies
Television
Just For Fun
Miscellaneous
History
Literature
Language
Science
Gaming
Entertainment
Religion
Holiday
For Kids
Quiz Lab
Recent
Popular Today
Quiz Kudos Today
Editor Picks
Curator Picks
Quizzes by...
Day
Popularity
Type
Ratings
Length
Year
Community
Subscriptions
Recent Discussions
Orange Saloon
Badges
Playlists
Quests
Create
Leaderboards
Showdown
Live 5
Trivia Bingo
Activity
Puzzle Library
Sporcle Events
Private Events
Virtual Trivia
Globe League
Become a Host
Pub Owners
SporcleCon
Opinionation
Our Games
Videos
Blog
Mobile Apps
Partnerships
Remove Ads and Go Orange
Feedback
Sports
Athletes
MLB
NBA
NHL
NFL
Soccer
Sports Teams
WWE
NCAA
Football
Premier League
Basketball
Baseball
Hockey
Golf
Tennis
Cricket
Rugby
Auto Racing
Olympics
World Cup
Sports
Athletes
MLB
NBA
NHL
NFL
Soccer
Sports Teams
WWE
NCAA
Football
Premier League
Basketball
Baseball
Hockey
Golf
Tennis
Cricket
Rugby
Auto Racing
Olympics
World Cup
Random Quiz
Search Sporcle
×
Quiz Lab
Quiz Lab
Sports
Formula 1
Type in answers that appear in a list
Type in answers that appear in a list
Classic
Best Score? Go Orange.
Formula One Drivers 00-09 Stats
Can you name the all the Formula One drivers to have raced between 2000 and 2009?
By
benmouncer
15m
71 Questions
489 Plays
489 Plays
489 Plays
Comments
Comments
Give Quiz Kudos
Give Quiz Kudos
-
- Ratings
hide this ad
Replay
Link that replays current quiz
Next Quiz
Link to next quiz in quiz playlist
You Got
0%
They Got
Avg Score
71%
Avg Friend Score
Upgrade to see
Score Distribution
Jump to the score distribution portion of the page
Score
0/71
Timer
15:00
0
Plays Today
Raced in...
Driver
% Correct
2000-
06
Michael Schumacher
98.2%
2000-
07
Ralf Schumacher
98.2%
2000-
09
Jenson Button
96.5%
2000-
09
Rubens Barrichello
96.1%
2000-
01
Mika Hakkinen
94.9%
2000-
08
David Coulthard
94.3%
2007-
09
Sebastian Vettel
94.3%
2001, 2003-
09
Fernando Alonso
94.1%
2007-
09
Lewis Hamilton
93.9%
2001-
09
Kimi Raikkonen
93%
2002-
09
Mark Webber
92.2%
2002, 2004-
09
Felipe Massa
91.8%
2000-
09
Jarno Trulli
91.4%
2000-
09
Giancarlo Fisichella
89.4%
2001-
06
Juan Pablo Montoya
87.9%
2006-
09
Robert Kubica
87.1%
2007-
09
Heikki Kovalainen
85.7%
2000-
09
Nick Heidfeld
85.5%
2002-
08
Takuma Sato
84.7%
2000-
06
Jacques Villeneuve
83%
2006-
09
Nico Rosberg
82.8%
2000-
02
Eddie Irvine
81.8%
2000-
02, 2005-
06
Pedro de la Rosa
81.4%
2004, 2008-
09
Timo Glock
79.6%
2007-
09
Adrian Sutil
78.7%
2009
Sebastien Buemi
78.5%
2000-
03
Heinz-Harald Frentzen
78.1%
2009
Luca Badoer
74.6%
2005-
07. 2009
Vitantonio Liuzzi
74.2%
2000-
01
Jean Alesi
73.6%
2000, 2005, 2007
Alexander Wurz
73.2%
2006-
07
Scott Speed
73.2%
2007-
09
Kazuki Nakajima
72.8%
2008-
09
Sebastien Bourdais
72.4%
2001-
04
Olivier Panis
72.2%
2002, 2005, 2007-
08
Anthony Davidson
72.2%
Raced in...
Driver
% Correct
2000, 2002
Mika Salo
72%
2000-
01, 2003
Jos Verstappen
71.4%
2000
Johnny Herbert
71.2%
2004-
06
Christian Klien
70.8%
2009
Romain Grosjean
70.1%
2009
Kamui Kobayashi
68.5%
2009
Jaime Alguersuari
65.6%
2005-
07
Christijan Albers
63.6%
2005
Narain Karthikeyan
62.8%
2006
Yuji Ide
62.6%
2002
Allan McNish
62.2%
2006-
07
Sakon Yamamoto
61.6%
2000, 2003-
04
Marc Gene
60.3%
2005-
06
Tiago Monteiro
60.1%
2008-
09
Nelson Piquet Jnr
59.5%
2000-
01, 2004-
05
Ricardo Zonta
58.7%
2007
Markus Winkelhock
57.1%
2003-
04
Zsolt Baumgartner
56.6%
2003-
05
Antonio Pizzonia
56.4%
2001-
02
Alex Yoong
55.4%
2003
Ralph Firman
55.4%
2005-
06
Robert Doornbos
55.2%
2000
Pedro Diniz
54.8%
2003-
04
Cristiano da Matta
54.6%
2001-
02
Enrique Bernoldi
54.2%
2003
Justin Wilson
54%
2000-
01
Luciano Burti
53.2%
2000-
01
Gaston Mazzacane
52.4%
2006
Franck Montagny
49.5%
2004
Giorgio Pantano
48.5%
2005
Patrick Friesacher
48.3%
2001
Tomas Enge
46.6%
2001
Tarso Marques
46.4%
2004
Gianmaria Bruni
41.1%
2003
Nicholas Kiesa
39.9%
Quiz Playlist
Details
Report
Send in Message
Add To Playlist
Classic:
Type in answers that appear in a list
Last Updated: Feb 16, 2017
Quiz Scoreboard
CHALLENGE
Sign Up to Join the Scoreboard
Show All
Scores
Hide
Comments
May contain spoilers
Recently Published
1-10 Letter E Words III
by El_Dandy
Language
2m
Street Fighter Characters
by Artimus82
Gaming
60s
College Basketball Coaching Resumes
by pancakes188
Sports
9m
More to Explore
Quiz From the Vault
Featured Blog Post
Where Did the Easter Bunny Come From?
hide this ad
You Might Also Like...
Tags
00-09
F1 Champions
F1 Drivers
Formula 1
Formula One
Today's Top Quizzes in Sports
Browse Sports
hide this ad
Today's Top Quizzes in Formula 1
Browse Formula 1
Top Contributed Quizzes in Sports
1
2022 World Cup Stars
2
Les meilleurs buteurs des matchs entre le PSG et l’OM
3
FIFA Club World Cup Champions
4
Les entraîneurs de l'OM et du PSG au 21e siècle
5
Criteria MLB: Left Handed Sluggers
6
2023 MLB Unique Player Accomplishments
7
AFC Teams Reveal (Wrong Answers Minefield)
8
Players with Multiple 50 Home Run Seasons
9
5-to-1: FBS Animal Nicknames
10
5-to-1: UK Sports Teams
Explore More
Trending Topics
NBA
Crossword
Harry Potter
Marvel
Disney
Kpop
Anime
WWE
Puzzle
Country
NFL
Pokémon
The Office
Soccer
Song
hide this ad
More By:
benmouncer
Quiz
Plays
Rating
Category
Featured
Created
Formula One Drivers 00-09
489
4.50
Sports
Dec 16, 2011
Corners of Spa Francorchamps
415
3.00
Sports
Jan 29, 2012
Formula One Drivers 10-11
68
5.00
Sports
Jan 25, 2012
Go to Creator's Profile
Score Distribution
Quiz Creator Spotlight
benmouncer
Follow
Send a Message
Quizzes Created
-
Created Quiz Play Count
-
More By This Creator
Popular Quizzes Today
1
Find the US States - No Outlines Minefield
2
Find the Countries of Europe - No Outlines Minefield
3
The Countries of the World
4
Find the US States
5
Risky Map Clicking: Biggest States A-Z
6
US States
7
Popular People in 1961
8
Movies - When Are They Set?
More Sports Quizzes
Tom Brady TD Receivers
Published
Trending Quizzes
Risky Map Clicking: Least Populous States A-Z
1-10 Letter G Words
USA Borders Longest to Shortest
1-10 Letter F Words
Countries of the World: 200 Million BC
Recently Updated
Leaping Animals
pecheneg
Reality TV Shows (A-Z)
bhenderson79
Rickey Henderson's Hall of Fame Teammates
pecheneg
Champions League XIs: Arsenal
pecheneg
Quick Pick: Celebrities in WWE's Hall of Fame
aduchscher
A-Z Keypad Blitz II
pecheneg
Multiple Oscar Actors
pecheneg
Mystery Phrase Blitz: Oscar 'Best Actors'
pecheneg
F. Scott Fitzgerald Novels
LTH
Pick 3 Villains
ddd62291
Trending Topics
Crossword
Kpop
Marvel
NBA
Harry Potter
Disney
Anime
Puzzle
WWE
Soccer
The Office
Song
Pokémon
Country
NFL
Your Account Isn't Verified!
In order to create a playlist on Sporcle, you need to verify the email address you used during registration. Go to your
Sporcle Settings
to finish the process.
Report this User
Report this user for behavior that violates our
Community Guidelines
.
Details:
Send Report
Go to the Sporcle.com Mobile Site →
Comments